Divine appointments. (Record no. 13084)

000 -LEADER
fixed length control field 00586nam a2200193 a 4500
001 - CONTROL NUMBER
control field :::00010902$&:&@@
003 - CONTROL NUMBER IDENTIFIER
control field OkBaRHE
005 - DATE AND TIME OF LATEST TRANSACTION
control field 20000607103403.0
008 - FIXED-LENGTH DATA ELEMENTS--GENERAL INFORMATION
fixed length control field s1986 j 000 0 eng u
040 ## - CATALOGING SOURCE
Transcribing agency
100 1# - MAIN ENTRY--PERSONAL NAME
Personal name Tomczak, Larry, 1949-
245 10 - TITLE STATEMENT
Title Divine appointments.
260 ## - PUBLICATION, DISTRIBUTION, ETC. (IMPRINT)
Place of publication, distribution, etc Ann Arbor, MI., :
Name of publisher, distributor, etc Servant Publications
Date of publication, distribution, etc c1986
300 ## - PHYSICAL DESCRIPTION
Extent 166 p. ;
Dimensions 21 cm.
650 ## - SUBJECT ADDED ENTRY--TOPICAL TERM
Topical term or geographic name as entry element Christian Life
General subdivision 1960-
650 ## - SUBJECT ADDED ENTRY--TOPICAL TERM
Topical term or geographic name as entry element Tomczak, Larry, 1949-
942 ## - ADDED ENTRY ELEMENTS (KOHA)
Source of classification or shelving scheme
Koha item type Books
Copies
Barcode Shelving location Date last seen Copy number Not for loan Withdrawn status Koha item type Lost status Permanent Location Price effective from Damaged status Date acquired Full call number Source of classification or shelving scheme
10902General Stacks2010-04-141  Books RHEMA Bible Training College2010-04-14 2010-04-14BV 4501.2 .T59